Soprannomi nazionali di calcio - America - Statistics

Statistiche generali
  • Questo quiz è stato fatto 34 volte
  • Il punteggio medio è 10 su 16
Statistiche sulle risposte
Soprannome Squadra % Corretto
A Seleção Brasile
100%
La Selección Argentina
83%
La Celeste Uruguay
83%
Los Cafeteros ("I Coltivatori di Caffè") Colombia
79%
Los Incas Perù
76%
El Tricolor Messico
72%
The Reggae Boyz Giamaica
69%
Los Canaleros ("Quelli del canale") Panama
69%
The Yanks Stati Uniti
62%
The Canucks Canada
55%
La Roja Cile
55%
La Verde Bolivia
52%
La Vinotinto ("La Vino Rosso") Venezuela
48%
Guaraní Paraguay
45%
La Banana Mecánica / La Tri ("La Tricolore") Ecuador
34%
Los Ticos Costa Rica
24%
Nessun quiz corrispondente trovato
Distribuzione punteggi
Percentuale di utenti per punteggio
Percentile per numero di risposta
I tuoi punteggi nel tempo
Non hai fatto questo quiz